Miasta Chin (z małą pomocą) - Statystyki

Ogólne statystyki
  • Ten quiz został rozwiązany 842 razy
  • Średni wynik to 30 z 100
Statystyki odpowiedzi
Populacja mln Miasto % Poprawnych
21,10 Pe{kin}
97%
30,90 Szang{haj}
95%
6,85 Nan{kin}
93%
8,00 Wu{han}
85%
47,70 Kan{ton}
84%
7,25 Hong {Kong}
82%
1,88 Huai'{an}
71%
1,23 Tai'{an}
71%
6,65 Xi'{an}
71%
9,60 Cheng{du}
66%
10,00 Xia{men}
60%
11,40 Tien{cin}
50%
2,68 Chang{zhou}
45%
7,05 Chong{qing}
45%
1,56 Da{qing}
45%
3,93 Fu{zhou}
45%
8,30 Hang{zhou}
45%
2,80 Hui{zhou}
45%
1,04 Jin{zhou}
45%
2,85 Lan{zhou}
45%
1,92 Liu{zhou}
45%
2,08 Tai{zhou}
45%
1,02 Wan{zhou}
45%
5,90 Wen{zhou}
45%
2,55 Xu{zhou}
45%
1,78 Yang{zhou}
45%
4,68 Zheng{zhou}
45%
1,09 Zhu{zhou}
45%
1,03 Bao{ji}
41%
1,08 Ben{xi}
40%
2,10 Ci{xi}
40%
3,28 Wu{xi}
40%
5,15 Har{bin}
38%
5,70 Qing{dao}
35%
1,11 Qinhuang{dao}
35%
4,45 Chang{sha}
32%
1,76 Huai{nan}
32%
3,95 Ji{nan}
32%
3,63 Urum{czi}
30%
1,31 Wu{hu}
29%
2,68 Jiang{yin}
28%
1,55 Zhu{hai}
28%
1,20 Gui{lin}
27%
1,51 Ji{lin}
27%
3,35 Ning{bo}
25%
3,33 Zi{bo}
25%
2,88 Gui{yang}
22%
1,71 Heng{yang}
22%
1,96 Luo{yang}
22%
1,17 Mian{yang}
22%
1,02 Nan{yang}
22%
7,65 Shen{yang}
22%
1,56 Xiang{yang}
22%
4,50 Da{lian}
21%
3,95 Kun{ming}
21%
1,09 Mao{ming}
21%
1,34 Xiang{tan}
21%
2,50 An{shan}
20%
1,13 Ma'an{shan}
20%
2,45 Tang{shan}
20%
1,57 Yi{wu}
20%
4,55 He{fei}
19%
1,72 Lin{yi}
18%
1,13 Zun{yi}
18%
1,36 Han{dan}
17%
3,68 Nan{chang}
17%
1,15 Yi{chang}
17%
2,15 Bao{tou}
16%
3,20 Nan{ning}
16%
7,95 Shan{tou}
16%
1,33 Xi{ning}
16%
1,32 Huai{bei}
15%
1,36 Pu{tian}
15%
1,52 Da{tong}
14%
1,95 Nan{tong}
14%
1,25 Yan{cheng}
13%
1,16 Beng{bu}
11%
3,70 Chang{chun}
11%
1,80 Hai{kou}
11%
1,04 Nan{chong}
11%
1,19 Zhangjia{kou}
11%
1,78 Hoh{hot}
10%
1,15 Qing{yuan}
10%
3,85 Shijia{zhuang}
10%
4,20 Tai{yuan}
10%
1,31 Xing{tai}
10%
2,10 Yan{tai}
10%
1,61 Bao{ding}
9%
1,12 Chang{shu}
9%
1,08 Lianyun{gang}
9%
1,06 Qiqi{har}
9%
1,16 Zhan{jiang}
9%
1,06 Zhen{jiang}
9%
1,03 Chi{feng}
8%
1,05 Kai{feng}
8%
1,60 Wei{fang}
8%
1,30 Xin{xiang}
8%
1,06 Ri{zhao}
7%
1,53 Yin{chuan}
7%
1,37 Jiao{zuo}
6%
Nie znaleziono quizów pasujących do podanych kryteriów
Rozkład punktacji
Procent ludzi z każdym wynikiem
Percentyl według liczby udzielonych odpowiedzi
Twoja historia wyników
Nie rozwiązałeś tego quizu